[Event "BALKAN AMATEUR CHESS FESTIVAL"]
[Site "Belogradchik, hotel Skalite"]
[Date "2010.09.06"]
[Round "2.27"]
[White "Milchev, Miroslav"]
[Black "Schneider, Laurent"]
[Result "1-0"]
[WhiteElo "2200"]
[BlackElo "1900"]
[PlyCount "105"]
[EventDate "2010.09.06"]

1. d4 d5 2. c4 dxc4 3. e3 Nf6 4. Bxc4 e6 5. Nf3 Bd6 6. Nc3 c6 7. O-O Nbd7 8.
Qb3 Qb6 9. e4 Bb8 10. Bxe6 fxe6 11. Qxe6+ Kd8 12. Qf7 Rf8 13. Qxg7 Rg8 14. Qf7
Rf8 15. Qc4 Ng8 16. Bg5+ Ne7 17. Bh6 Rf6 18. Bg5 Rf8 19. Rac1 Bf4 20. Bxf4 Rxf4
21. Ng5 Nf8 22. g3 Rf6 23. e5 Be6 24. Nxe6+ Rxe6 25. f4 Ke8 26. Na4 Qb5 27. Nc5
Rg6 28. Qxb5 cxb5 29. Nxb7 Nf5 30. d5 Ne3 31. Rf3 Nxd5 32. Nd6+ Kd7 33. Rd1 Kc6
34. Nxb5 Kxb5 35. Rxd5+ Kc6 36. Rd2 Kc7 37. f5 Rc6 38. e6 Re8 39. Rdd3 h5 40.
Rc3 Nh7 41. Rxc6+ Kxc6 42. Kg2 Kd6 43. Rd3+ Ke5 44. Rd7 Nf6 45. Rxa7 Kxf5 46.
e7 Nd5 47. a4 Ke6 48. a5 Nxe7 49. a6 Nc6 50. Rb7 Ra8 51. Rb6 Kd6 52. b4 Ra7 53.
b5 1-0

[Event "BALKAN AMATEUR CHESS FESTIVAL"]
[Site "Belogradchik, hotel Skalite"]
[Date "2010.09.06"]
[Round "2.28"]
[White "Danov, Lyumobir"]
[Black "Mitrev, Emil"]
[Result "1/2-1/2"]
[WhiteElo "1941"]
[BlackElo "2178"]
[PlyCount "51"]
[EventDate "2010.09.06"]

1. e4 c5 2. c3 Qa5 3. Nf3 e6 4. Be2 Nf6 5. Qc2 Nc6 6. O-O Qc7 7. d4 d5 8. Nbd2
c4 9. b3 cxb3 10. axb3 Nb4 11. Bb5+ Bd7 12. Bxd7+ Nxd7 13. Qb2 Nd3 14. Qc2 Nxc1
15. Raxc1 dxe4 16. Nxe4 Be7 17. Rfe1 O-O 18. c4 Rac8 19. Neg5 Bxg5 20. Nxg5 Nf6
21. Ne4 Nxe4 22. Qxe4 Rfd8 23. Qe3 Qb6 24. Rcd1 h6 25. h3 a5 26. Rd3 1/2-1/2

[Event "BALKAN AMATEUR CHESS FESTIVAL"]
[Site "Belogradchik, hotel Skalite"]
[Date "2010.09.06"]
[Round "2.29"]
[White "Todorov, Todor"]
[Black "Milutinovic, Stefana"]
[Result "1-0"]
[WhiteElo "2151"]
[BlackElo "1859"]
[PlyCount "87"]
[EventDate "2010.09.06"]

1. d4 Nf6 2. Nf3 g6 3. Bf4 Bg7 4. h3 O-O 5. e3 d5 6. Be2 c5 7. c3 Nc6 8. O-O
Nd7 9. Nbd2 e5 10. dxe5 Ndxe5 11. Nxe5 Nxe5 12. Bxe5 Bxe5 13. Nf3 Bg7 14. Qd2
Be6 15. Rfd1 Qe7 16. Qc2 Rfd8 17. Rd2 a6 18. Rad1 Rd7 19. Nh2 Rad8 20. Bg4 f5
21. Bf3 Qf7 22. b3 h5 23. g3 g5 24. Bg2 g4 25. h4 Qf6 26. c4 d4 27. Nf1 Bh6 28.
Rd3 b6 29. Qb2 Bg7 30. exd4 cxd4 31. Qa3 f4 32. gxf4 a5 33. c5 Bf8 34. Ng3 Qxh4
35. f5 Bxc5 36. Qc1 Bf7 37. Ne4 Bd6 38. Qh6 Be7 39. Qxb6 Bd6 40. Rxd4 Bh2+ 41.
Kf1 Rxd4 42. Rxd4 Rc8 43. Qh6 Be5 44. f6 1-0

[Event "BALKAN AMATEUR CHESS FESTIVAL"]
[Site "Belogradchik, hotel Skalite"]
[Date "2010.09.06"]
[Round "2.14"]
[White "Dimitrijevic, Dragan"]
[Black "Tscharotschkin, Michael"]
[Result "0-1"]
[WhiteElo "1978"]
[BlackElo "2179"]
[PlyCount "70"]
[EventDate "2010.09.06"]

1. e4 e6 2. d4 d5 3. Nd2 c5 4. exd5 exd5 5. Bb5+ Bd7 6. Qe2+ Be7 7. dxc5 Nf6 8.
Nb3 O-O 9. Be3 a6 10. Bd3 Ba4 11. Qd2 Nbd7 12. Nf3 Bxb3 13. axb3 Bxc5 14. O-O
Bxe3 15. Qxe3 Re8 16. Qd4 Nf8 17. b4 Ne6 18. Qh4 Qd6 19. Rfe1 Nf4 20. Bf1 Re4
21. b5 Ne2+ 22. Bxe2 Rxh4 23. Nxh4 Qb4 24. Nf3 Qxb2 25. Bd3 g6 26. bxa6 bxa6
27. Rab1 Qc3 28. Re7 Re8 29. Ra7 a5 30. h3 Ne4 31. Rb5 Qa1+ 32. Kh2 Nc3 33.
Rbb7 Rf8 34. g3 Ne4 35. Rb5 Qd1 0-1

[Event "BALKAN AMATEUR CHESS FESTIVAL"]
[Site "Belogradchik, hotel Skalite"]
[Date "2010.09.06"]
[Round "1.1"]
[White "Popov, Ilian"]
[Black "Krastev, Krasimir"]
[Result "1-0"]
[WhiteElo "2247"]
[BlackElo "1973"]
[PlyCount "80"]
[EventDate "2010.09.06"]

1. e4 d5 2. exd5 Nf6 3. c4 e6 4. dxe6 Bxe6 5. Be2 Nc6 6. Nf3 Bc5 7. O-O Nd4 8.
Nxd4 Qxd4 9. Nc3 O-O-O 10. d3 Qh4 11. Be3 Ng4 12. Bxg4 Bxg4 13. Qd2 Bd6 14. f4
Bf5 15. d4 c6 16. d5 Bb8 17. Bd4 Qh6 18. Rae1 Rhe8 19. g3 Qg6 20. Rxe8 Rxe8 21.
Re1 f6 22. Rxe8+ Qxe8 23. Qe3 Qxe3+ 24. Bxe3 Kd7 25. Bc5 a6 26. Bf8 g5 27.
dxc6+ bxc6 28. Kf2 Ba7+ 29. c5 Bb8 30. Ke3 Ke8 31. Bh6 Kf7 32. Kd4 Bc7 33. b4
Bh3 34. Ne4 Be6 35. a4 Bb3 36. Nc3 Bd8 37. b5 axb5 38. axb5 cxb5 39. Nxb5 Be7
40. c6 Be6 1-0

[Event "BALKAN AMATEUR CHESS FESTIVAL"]
[Site "Belogradchik, hotel Skalite"]
[Date "2010.09.06"]
[Round "1.2"]
[White "Dimov, Danail"]
[Black "Tashkov, Rumen"]
[Result "0-1"]
[WhiteElo "1968"]
[BlackElo "2239"]
[PlyCount "48"]
[EventDate "2010.09.06"]

1. e4 d6 2. d4 Nf6 3. f3 g6 4. Be3 Bg7 5. Nc3 c6 6. Bd3 Nbd7 7. Nh3 b5 8. a3
O-O 9. Qd2 Qc7 10. O-O a6 11. Nf2 c5 12. Be2 Bb7 13. h3 Rac8 14. d5 e6 15. Ng4
exd5 16. Nxd5 Nxd5 17. exd5 Nb6 18. Bh6 f5 19. Bxg7 Qxg7 20. Ne3 Qxb2 21. f4
Rfe8 22. Nc4 Nxc4 23. Bxc4 bxc4 24. Rab1 Qg7 0-1

[Event "BALKAN AMATEUR CHESS FESTIVAL"]
[Site "Belogradchik, hotel Skalite"]
[Date "2010.09.06"]
[Round "1.3"]
[White "Turcu, Iulian"]
[Black "Pashev, Dimitar"]
[Result "1-0"]
[WhiteElo "2237"]
[BlackElo "1966"]
[PlyCount "41"]
[EventDate "2010.09.06"]

1. d4 Nf6 2. Bg5 e6 3. e3 Be7 4. Bd3 d5 5. Nd2 Nbd7 6. f4 h6 7. Bxf6 Bxf6 8.
Qf3 c5 9. c3 Qb6 10. O-O-O Qa5 11. Kb1 b5 12. f5 b4 13. c4 cxd4 14. exd4 e5 15.
cxd5 Bb7 16. Nc4 Qxd5 17. Qxd5 Bxd5 18. dxe5 Nxe5 19. Nf3 Nxf3 20. gxf3 O-O-O
21. Na5 1-0

[Event "BALKAN AMATEUR CHESS FESTIVAL"]
[Site "Belogradchik, hotel Skalite"]
[Date "2010.09.06"]
[Round "1.5"]
[White "Mishev, Liubomir"]
[Black "Danov, Lyumobir"]
[Result "1/2-1/2"]
[WhiteElo "2232"]
[BlackElo "1941"]
[PlyCount "70"]
[EventDate "2010.09.06"]

1. e4 e5 2. Nf3 Nc6 3. Bc4 Nf6 4. d3 Be7 5. c3 O-O 6. O-O d6 7. Bb3 Bg4 8. h3
Bxf3 9. Qxf3 Qd7 10. Be3 Nd8 11. d4 Ne6 12. Rd1 Qc8 13. Nd2 c6 14. Nf1 d5 15.
Ng3 exd4 16. cxd4 Rd8 17. e5 Ne8 18. Nf5 Bf8 19. Rac1 Qd7 20. Bc2 f6 21. exf6
Nxf6 22. Nh6+ Kh8 23. Qf5 Nc7 24. Bg5 Qxf5 25. Bxf5 Re8 26. Bxf6 gxf6 27. Ng4
Bg7 28. Kf1 Nb5 29. Rd3 Nd6 30. Rf3 Nc4 31. Rc2 h5 32. Ne3 Nxe3+ 33. fxe3 Re7
34. Bg6 h4 35. Re2 Bh6 1/2-1/2

[Event "BALKAN AMATEUR CHESS FESTIVAL"]
[Site "Belogradchik, hotel Skalite"]
[Date "2010.09.06"]
[Round "1.6"]
[White "Stankov, Apostol"]
[Black "Vlashki, Nino"]
[Result "0-1"]
[WhiteElo "1926"]
[BlackElo "2230"]
[PlyCount "182"]
[EventDate "2010.09.06"]

1. e4 e5 2. Nf3 Nc6 3. Bb5 a6 4. Bxc6 dxc6 5. O-O Bg4 6. h3 h5 7. d3 Qf6 8.
Nbd2 Ne7 9. Nc4 Bxf3 10. Qxf3 Qxf3 11. gxf3 Ng6 12. Be3 c5 13. a4 a5 14. Rfd1
b6 15. Kf1 Be7 16. Ke2 O-O 17. Rg1 Kh7 18. Rg2 Rfe8 19. Rag1 Bd8 20. b3 Re6 21.
Nd2 Bh4 22. Nc4 Rae8 23. Bd2 Kg8 24. Be3 Kf8 25. Bd2 R8e7 26. Be3 Ke8 27. Bd2
Kd7 28. Be3 Re8 29. Bd2 Kd8 30. Be3 Rh8 31. Bd2 Ke8 32. Be3 Kf8 33. Bd2 Rh7 34.
Be3 Bf6 35. Rg3 Bd8 36. R3g2 c6 37. Ra1 Bc7 38. Rgg1 Rh8 39. Bg5 f6 40. Be3 Kf7
41. Rg3 Nh4 42. Rgg1 g5 43. Bd2 Ng6 44. Be3 Ra8 45. Na3 Ree8 46. Ra2 Nf8 47.
Rh1 Ng6 48. Rg1 Rh8 49. Raa1 Rag8 50. Nc4 Nf8 51. Rg2 Ne6 52. Rgg1 Rh7 53. Rg2
Ra8 54. Na3 Rhh8 55. Rgg1 Rhb8 56. Nc4 b5 57. Nd2 h4 58. Rgb1 Nd4+ 59. Bxd4
cxd4 60. Nf1 Bd6 61. Nd2 Bb4 62. Rg1 Ke6 63. Ra2 Kd6 64. Nf1 Bc3 65. Nh2 Ke6
66. Ng4 Rh8 67. Nh2 Ra6 68. Kd1 Rb8 69. Ng4 bxa4 70. Rxa4 Rb4 71. Rxb4 Bxb4 72.
Ke2 Bc3 73. Nh6 Ra7 74. Nf5 Rh7 75. Rb1 Kd7 76. Kd1 Kc7 77. Ke2 Rd7 78. Kd1 Kb6
79. Ke2 Kb5 80. Nh6 Kb4 81. Ng4 Rd6 82. Rg1 Ka3 83. Kd1 Kb2 84. Nh2 c5 85. Nf1
a4 86. bxa4 Ra6 87. Nd2 Bxd2 88. Kxd2 Rxa4 89. Rf1 c4 90. dxc4 Rxc4 91. Rc1 Rc3
0-1

[Event "BALKAN AMATEUR CHESS FESTIVAL"]
[Site "Belogradchik, hotel Skalite"]
[Date "2010.09.06"]
[Round "1.8"]
[White "Vutev, Jordan"]
[Black "Primbetov, Kazbek"]
[Result "1/2-1/2"]
[WhiteElo "1922"]
[BlackElo "2221"]
[PlyCount "89"]
[EventDate "2010.09.06"]

1. a3 d5 2. Nf3 Nf6 3. e3 Bg4 4. c4 e6 5. cxd5 exd5 6. Be2 Nbd7 7. d3 c5 8. O-O
Bd6 9. Nbd2 O-O 10. b3 Qc7 11. Bb2 Rad8 12. Rc1 Qb8 13. Re1 Rfe8 14. h3 Be6 15.
d4 Ne4 16. dxc5 Ndxc5 17. b4 Nd7 18. Nxe4 dxe4 19. Nd4 Nb6 20. Qc2 Bd7 21. Bb5
Bxb5 22. Nxb5 Bh2+ 23. Kh1 Be5 24. Bxe5 Qxe5 25. Nd4 Rc8 26. Qe2 g6 27. Qb5 Qf6
28. Kg1 a6 29. Qe2 Nd7 30. Qg4 Rcd8 31. Rc7 Ne5 32. Qxe4 Nc6 33. Qf3 Qxf3 34.
Nxf3 Re7 35. Rxe7 Nxe7 36. Rc1 Nc6 37. Rc3 Rd1+ 38. Kh2 Kf8 39. g4 h6 40. h4
Ke7 41. Kg3 Kd6 42. g5 hxg5 43. hxg5 Rd5 44. Kf4 Rf5+ 45. Kg3 1/2-1/2

[Event "BALKAN AMATEUR CHESS FESTIVAL"]
[Site "Belogradchik, hotel Skalite"]
[Date "2010.09.06"]
[Round "1.10"]
[White "Schneider, Laurent"]
[Black "Popov, Georgi"]
[Result "1/2-1/2"]
[WhiteElo "1900"]
[BlackElo "2208"]
[PlyCount "65"]
[EventDate "2010.09.06"]

1. e4 g6 2. d4 Bg7 3. Nc3 d6 4. Be3 a6 5. Qd2 Nd7 6. f4 b5 7. Nf3 Bb7 8. Bd3
Ngf6 9. a3 c5 10. e5 Ng4 11. Bg1 cxd4 12. Bxd4 dxe5 13. fxe5 Ndxe5 14. Nxe5
Nxe5 15. Bxe5 Bxe5 16. Qh6 Qb6 17. O-O-O O-O-O 18. Rhe1 Bf6 19. Qf4 Qc7 20. Qf2
Rd4 21. Bf5+ gxf5 22. Rxd4 Bxd4 23. Qxd4 Rd8 24. Qh4 e6 25. g3 Bc6 26. Qxh7 a5
27. Qh4 Qb6 28. Qh5 b4 29. axb4 axb4 30. Qxf7 bxc3 31. Qxe6+ Rd7 32. bxc3 Qc5
33. Kb2 1/2-1/2

[Event "BALKAN AMATEUR CHESS FESTIVAL"]
[Site "Belogradchik, hotel Skalite"]
[Date "2010.09.06"]
[Round "1.12"]
[White "Milutinovic, Stefana"]
[Black "Milchev, Miroslav"]
[Result "1/2-1/2"]
[WhiteElo "1859"]
[BlackElo "2200"]
[PlyCount "82"]
[EventDate "2010.09.06"]

1. Nf3 Nf6 2. g3 d5 3. Bg2 Bf5 4. d4 e6 5. O-O Be7 6. c4 c6 7. Nc3 h6 8. Nd2
Nbd7 9. e4 dxe4 10. Ndxe4 O-O 11. Qe2 Nxe4 12. Bxe4 Bxe4 13. Nxe4 Nf6 14. Rd1
Qb6 15. Nc3 Rad8 16. Be3 Qa6 17. Rac1 Rd7 18. b3 Rfd8 19. f3 Qa5 20. Ne4 Qf5
21. Bf2 b6 22. Rd3 h5 23. Rcd1 Qg6 24. Nxf6+ Bxf6 25. Qe4 Rd6 26. Kf1 Qg5 27.
Be3 Qa5 28. Bf4 R6d7 29. Qxc6 Bxd4 30. Bc7 Qxa2 31. R3d2 Qxb3 32. Bxd8 Qe3 33.
Rxd4 Rxd4 34. Rxd4 Qxd4 35. Bc7 Qd1+ 36. Kg2 Qc2+ 37. Kh3 Qf5+ 38. Kg2 Qc2+ 39.
Kh3 Qf5+ 40. Kg2 Qc2+ 41. Kh3 Qf5+ 1/2-1/2

[Event "BALKAN AMATEUR CHESS FESTIVAL"]
[Site "Belogradchik, hotel Skalite"]
[Date "2010.09.06"]
[Round "1.14"]
[White "Todorov, Angel"]
[Black "Sgircea, Silvia Raluca"]
[Result "0-1"]
[WhiteElo "1847"]
[BlackElo "2192"]
[PlyCount "46"]
[EventDate "2010.09.06"]

1. d4 d5 2. c4 dxc4 3. g3 g6 4. Bg2 Bg7 5. Nf3 Nf6 6. Qa4+ Nfd7 7. Qxc4 Nb6 8.
Qd3 Nc6 9. e3 O-O 10. O-O e5 11. Rd1 exd4 12. exd4 Bf5 13. Qc3 Nd5 14. Qd2 Ndb4
15. Na3 Be4 16. b3 Bxf3 17. Bxf3 Qxd4 18. Qxd4 Nxd4 19. Bxb7 Rab8 20. Bg2 Ne2+
21. Kf1 Bxa1 22. Kxe2 Nxa2 23. Bf4 Nc3+ 0-1

[Event "BALKAN AMATEUR CHESS FESTIVAL"]
[Site "Belogradchik, hotel Skalite"]
[Date "2010.09.06"]
[Round "1.15"]
[White "Todorov, Momchil"]
[Black "Ivanova, Simoneta"]
[Result "1-0"]
[WhiteElo "2191"]
[BlackElo "1839"]
[PlyCount "69"]
[EventDate "2010.09.06"]

1. d4 Nf6 2. c4 c5 3. d5 b5 4. cxb5 a6 5. bxa6 g6 6. Nc3 Bxa6 7. g3 d6 8. Bg2
Bg7 9. Nf3 Nbd7 10. Rb1 Nb6 11. b3 O-O 12. O-O Bb7 13. e4 Nfd7 14. Qc2 Qb8 15.
a4 Ne5 16. Nxe5 Bxe5 17. Bh6 Rd8 18. f4 Bd4+ 19. Kh1 Ba6 20. Rfd1 Ra7 21. b4
Qc8 22. Nb5 Bxb5 23. axb5 Qa8 24. bxc5 dxc5 25. Rd2 Ra3 26. f5 Qa5 27. fxg6
hxg6 28. Bg5 Rd7 29. Re2 c4 30. e5 Nxd5 31. e6 Rd6 32. exf7+ Kxf7 33. Bxd5+
Rxd5 34. Rxe7+ Kf8 35. Qxg6 1-0

[Event "BALKAN AMATEUR CHESS FESTIVAL"]
[Site "Belogradchik, hotel Skalite"]
[Date "2010.09.06"]
[Round "1.16"]
[White "Simeonov, Svetoslav"]
[Black "Ivanov, Bogidar"]
[Result "0-1"]
[WhiteElo "1827"]
[BlackElo "2188"]
[PlyCount "92"]
[EventDate "2010.09.06"]

1. c4 c5 2. Nc3 Nc6 3. g3 g6 4. Bg2 Bg7 5. Nf3 Nh6 6. O-O Nf5 7. d3 O-O 8. Bg5
h6 9. Bf4 d6 10. Rb1 Rb8 11. Qc1 Kh7 12. Bd2 a6 13. g4 Nfd4 14. h3 Nxf3+ 15.
Bxf3 f5 16. g5 h5 17. Bg2 Bd7 18. f4 b5 19. e3 b4 20. Ne2 e5 21. Qd1 Ne7 22. e4
Qe8 23. Be3 Nc6 24. Ng3 exf4 25. Bxf4 Be5 26. exf5 Bxf5 27. Nxf5 Rxf5 28. Bxe5
Rxf1+ 29. Qxf1 Nxe5 30. Be4 Qe7 31. Qf4 Rf8 32. Qe3 Nf3+ 33. Kg2 Qxg5+ 34. Qxg5
Nxg5 35. Re1 Nf7 36. Bb7 Ne5 37. Bxa6 Ra8 38. d4 cxd4 39. c5 Rxa6 40. cxd6 Nc4
41. Re7+ Kh6 42. d7 Rd6 43. b3 Ne3+ 44. Kf3 d3 45. Rxe3 d2 46. Re7 d1=Q+ 0-1

[Event "BALKAN AMATEUR CHESS FESTIVAL"]
[Site "Belogradchik, hotel Skalite"]
[Date "2010.09.06"]
[Round "1.17"]
[White "Enoiu, Alexandru-Ionut"]
[Black "Tsekova, Viktoria"]
[Result "1-0"]
[WhiteElo "2187"]
[BlackElo "1826"]
[PlyCount "77"]
[EventDate "2010.09.06"]

1. d4 Nf6 2. Nf3 g6 3. c4 Bg7 4. Nc3 d5 5. Bg5 Ne4 6. Bh4 Nxc3 7. bxc3 c5 8. e3
cxd4 9. cxd4 Nc6 10. Be2 dxc4 11. Bxc4 Qa5+ 12. Qd2 e5 13. Qxa5 Nxa5 14. Bb5+
Bd7 15. Bxd7+ Kxd7 16. Nxe5+ Bxe5 17. dxe5 Nc4 18. Bf6 Rhe8 19. Ke2 Nxe5 20.
Rhd1+ Kc7 21. Bxe5+ Rxe5 22. Rac1+ Kb6 23. Rd6+ Ka5 24. Rd7 b5 25. Rxf7 h5 26.
Rc6 g5 27. a3 b4 28. axb4+ Kxb4 29. Ra6 Ra5 30. Rb7+ Ka4 31. Rxa5+ Kxa5 32. e4
Ka6 33. Rb1 Re8 34. Ke3 Re6 35. g3 g4 36. f4 gxf3 37. Kxf3 Ka5 38. Kf4 Rb6 39.
Ra1+ 1-0

[Event "BALKAN AMATEUR CHESS FESTIVAL"]
[Site "Belogradchik, hotel Skalite"]
[Date "2010.09.06"]
[Round "1.18"]
[White "Stoimenov, Kalojan"]
[Black "Janchev, Petar"]
[Result "0-1"]
[WhiteElo "1825"]
[BlackElo "2186"]
[PlyCount "70"]
[EventDate "2010.09.06"]

1. e4 d6 2. d4 Nf6 3. Bd3 e5 4. c3 Be7 5. f4 O-O 6. Nf3 exd4 7. cxd4 d5 8. e5
Ne4 9. O-O c5 10. Nc3 f5 11. Be3 c4 12. Be2 Na6 13. Rc1 Nc7 14. b3 b5 15. bxc4
Nxc3 16. Rxc3 dxc4 17. Rc1 Nd5 18. Bd2 Be6 19. Ng5 Bxg5 20. fxg5 f4 21. Bg4 Qd7
22. Bxe6+ Qxe6 23. Qf3 Rad8 24. a4 a6 25. axb5 axb5 26. Rb1 Qb6 27. Kh1 b4 28.
Rfc1 Qb5 29. e6 Rfe8 30. Qe2 Rc8 31. Qe5 c3 32. Bxf4 b3 33. g6 hxg6 34. Qe4 c2
35. Rb2 Nxf4 0-1

[Event "BALKAN AMATEUR CHESS FESTIVAL"]
[Site "Belogradchik, hotel Skalite"]
[Date "2010.09.06"]
[Round "1.19"]
[White "Tscharotschkin, Michael"]
[Black "Kamenov, Valentin"]
[Result "1-0"]
[WhiteElo "2179"]
[BlackElo "1797"]
[PlyCount "78"]
[EventDate "2010.09.06"]

1. d4 Nf6 2. c4 g6 3. Nc3 Bg7 4. e4 d6 5. Nf3 O-O 6. Be2 c5 7. O-O cxd4 8. Nxd4
Nc6 9. Be3 Bd7 10. Nxc6 Bxc6 11. f3 h6 12. Qd2 Kh7 13. Rad1 Qa5 14. a3 Nd7 15.
b4 Qe5 16. Bd4 Qxd4+ 17. Qxd4 Bxd4+ 18. Rxd4 b6 19. Rfd1 a5 20. b5 Bb7 21. Na4
g5 22. g3 f6 23. f4 gxf4 24. gxf4 Rg8+ 25. Kf2 Rg7 26. Rg1 Rxg1 27. Kxg1 Rg8+
28. Kf1 Rg7 29. Bh5 Nf8 30. f5 Rg5 31. Be8 e6 32. Bc6 Rg7 33. Rxd6 exf5 34.
Bxb7 Rxb7 35. Rxf6 Nd7 36. Rxf5 Kg6 37. Rd5 Nf6 38. Rd6 Re7 39. Nc3 Kg5 1-0

[Event "BALKAN AMATEUR CHESS FESTIVAL"]
[Site "Belogradchik, hotel Skalite"]
[Date "2010.09.06"]
[Round "1.20"]
[White "Georgiev, Ivan"]
[Black "Ivanov, Borislav"]
[Result "0-1"]
[WhiteElo "1788"]
[BlackElo "2178"]
[PlyCount "106"]
[EventDate "2010.09.06"]

1. e4 c6 2. d4 d5 3. exd5 cxd5 4. Bd3 Nc6 5. c3 Nf6 6. Bg5 Bg4 7. Ne2 e6 8. Qb3
Qd7 9. Ng3 Nh5 10. f3 Nxg3 11. hxg3 Bf5 12. Bxf5 exf5 13. Nd2 Be7 14. Be3 O-O
15. O-O-O a5 16. Rh5 g6 17. Rh6 f6 18. Bf2 Rf7 19. Nf1 a4 20. Qb5 Ra5 21. Qd3
a3 22. b3 Ra8 23. Ne3 Bf8 24. Rhh1 Na7 25. Kb1 Rc8 26. Rd2 Nb5 27. Rc1 Nc7 28.
Re2 Ne6 29. Rce1 Nc7 30. Rc1 b5 31. b4 Qc6 32. Qc2 Ne6 33. Qb3 Nxd4 34. Qd1
Nxe2 35. Qxe2 Bxb4 36. Nxd5 Qxd5 37. cxb4 Rxc1+ 38. Kxc1 Rc7+ 39. Bc5 Kf7 40.
Kb1 Qe5 41. Qd2 Ke6 42. Qc1 Qe2 43. Qxa3 Rd7 44. Qb3+ Rd5 45. Kc1 Qd2+ 46. Kb1
Qd1+ 47. Kb2 Qxb3+ 48. Kxb3 Rd2 49. a4 bxa4+ 50. Kxa4 Kd5 51. Ka5 Rxg2 52. Be7
Rxg3 53. b5 Rxf3 0-1